000 00526nam a2200193Ia 4500
003 OSt
005 20260306102142.0
008 210210b1960 xxu||||| |||| 00| 0 eng d
040 _cAL
041 _aHindi
082 _a863/15
100 _aBHAT (Udayashankar)
_dभट्ट (उदयशंकर)
_9257952
245 _aKrantikari
_bक्रांतिकारी
260 _aDilli
_bAtma Ram & Sons
_c1960
650 _aKrantikAri
_9257953
690 _aHindi Drama
_9257954
906 _a023391
942 _2ddc
_cBK
999 _c148358
_d148358